الإله حج - ور فى مصر القديمة /
محفوظ في:
المؤلف الرئيسي:
التنسيق: كتاب
اللغة: Undetermined
منشور في:
2015
الوسوم: إضافة وسم
لا توجد وسوم, كن أول من يضع وسما على هذه التسجيلة!
رقم الطلب: Diss.,148
| LEADER | 00507nam a2200121Ia 4500 | ||
|---|---|---|---|
| 008 | 231023s9999||||xx |||||||||||||| ||und|| | ||
| 050 | 4 | |a Diss.,148 | |
| 100 | 0 | |a أسماء محمد إبراهيم عبد الجليل | |
| 245 | 1 | 0 | |a الإله حج - ور فى مصر القديمة / |c أسماء محمد إبراهيم عبد الجليل. |
| 264 | 1 | |c 2015 | |
| 942 | |2 lcc |c THESES | ||
| 952 | |0 0 |1 0 |2 lcc |4 0 |7 1 |9 51045 |a ARCE |b ARCE |d 2023-10-23 |l 0 |o Diss.,148 |p 1036416 |r 2023-10-23 00:00:00 |w 2023-10-23 |y THESES | ||
| 999 | |c 54823 |d 54823 | ||
